000 00718nam a2200241Ia 4500
003 OSt
005 20230524153930.0
008 210423s2013 xx 000 0 und d
020 _a978-81-203-3911-8
040 _cAL
041 _aeng
082 _a658.42 ZIME
_223
100 _aZIMMERER (Thomas W);SCARBOROUGH (Norman M).
_9112850
245 _aEssentials of entrepreneurship and small business management Ed 5
250 _a5
260 _aNew Delhi
_bPHI Learning Pvt Ltd
_c2013
300 _axvi,728
_bPB
365 _b495
_cINR
650 _aEntrepreneurship
_9112851
650 _aManagement
_9112852
906 _abusiness ; Ed ; entrepreneurship ; Essentials ; management ; small
942 _2ddc
_cBK
999 _c165461
_d165461